000 00450nam a2200169Ia 4500
005 20250923144856.0
008 008 250917s9999 xx 000 0 eng d
037 _aTextual
040 _aDSWL
_beng
_cDSWL
041 _aeng
_2eng
084 _aX:97p2,N59, N60
_qDSWL
245 0 _aConference on Human Relations in Industry
365 _aINR
_b11
925 _g11
942 _cTEXL
_hX:97p2,N59, N60
999 _c1444461
_d1444461